[Event "Olympiad Women 2024"]
[Site "Budapest HUN"]
[Date "2024.09.16"]
[Round "6.30"]
[Board "4"]
[White "Molina, Jessica"]
[Black "Galas, Bernadette"]
[Result "1-0"]
[WhiteElo "1945"]
[BlackElo "2013"]
[PlyCount "75"]
[EventDate "2024.09.11"]
[WhiteTeam "Bolivia"]
[BlackTeam "Philippines"]
[WhiteTeamCountry "BOL"]
[BlackTeamCountry "PHI"]

1. d4 d5 2. c4 e6 3. Nc3 Nf6 4. Bg5 Be7 5. e3 c6 6. cxd5 exd5 7. Bd3 Nbd7 8. Qc2 O-O 9. Nge2 Re8 10. O-O Ne4 11. Bf4 Nxc3 12. Bxh7+ Kh8 13. Nxc3 g6 14. Bxg6 fxg6 15. Nxd5 Nf8 $146 ({RR} 15... Nf6 16. Nc7 Bf5 17. Qb3 Qd7 18. Nxa8 Rxa8 19. f3 Be6 20. Qd3 Kg7 21. e4 Rh8 22. Rfd1 Kf7 23. b3 Qd8 24. Be5 Qg8 25. Rac1 g5 26. d5 cxd5 27. Rc7 {1-0 Geller,J (2523)-Apryshko,G (2074) Moscow op-A 2009 (3)}) ({RR} 15... Nf6 16. Nxf6 Bxf6 17. Qxg6 Re6 18. Qh5+ Kg8 19. Be5 Bxe5 20. dxe5 Qe7 21. f4 Qg7 22. Rf3 Rg6 23. f5 Rxg2+ 24. Kh1 Rg5 25. Qe8+ Qf8 26. Qxf8+ Kxf8 27. e4 b6 28. Rg3 Rxg3 29. hxg3 Bb7 30. Kg2 {1-0 Markzon,G (2231)-Ferreira,E (1960) American Continental 06th 2009 (7)}) ({RR} 15... Rg8 16. Nc7 Nf6 17. Nxa8 Bf5 18. Qb3 Qxa8 19. Be5 Kg7 20. d5 cxd5 21. Qxd5 Rd8 22. Qf3 Qc8 23. h3 Qe6 24. Bc3 Be4 25. Qf4 Rd5 26. Rad1 Bd3 27. e4 Bxe4 28. Rde1 Kh7 29. Bxf6 {1-0 Niemela,A (2165)-Eriksson,I (2095) Hallsberg op 9394 U18 1993 (6)}) 16. Be5+ Kh7 17. Nc7 Be6 18. f4 Bd6 19. Nxe8 Bxe5 20. dxe5 Qxe8 21. e4 Bf7 22. Rf3 Ne6 23. Qf2 Qe7 24. Rh3+ Kg8 25. Kh1 Nc5 26. Qc2 Rd8 27. Rf1 Rd4 28. Qc3 Rc4 29. Qe3 Rxe4 30. Qa3 b6 31. b4 Ne6 32. f5 gxf5 33. Qc1 Bg6 34. Qxc6 Kf7 35. Qxe4 Ng5 36. Rxf5+ Bxf5 37. Qxf5+ Kg7 38. Rg3 1-0

[Event "Olympiad Women 2024"]
[Site "Budapest HUN"]
[Date "2024.09.16"]
[Round "6.31"]
[Board "1"]
[White "Antonova, Nadezhda"]
[Black "Keinanen, Anastasia"]
[Result "1/2-1/2"]
[WhiteElo "1967"]
[BlackElo "2212"]
[PlyCount "82"]
[EventDate "2024.09.11"]
[WhiteTeam "Tajikistan"]
[BlackTeam "Finland"]
[WhiteTeamCountry "TJK"]
[BlackTeamCountry "FIN"]

1. Nf3 d5 2. d4 Nf6 3. Bf4 c5 4. e3 Nc6 5. Nbd2 cxd4 6. exd4 Bf5 7. c3 e6 8. Qb3 Qc8 9. Be2 h6 10. h3 Be7 11. O-O O-O 12. a4 ({RR} 12. Ne5 Nxe5 13. Bxe5 a6 14. a4 Ne4 15. Nxe4 Bxe4 16. f3 Bg6 17. Rfe1 Qd7 18. Qd1 Rae8 19. Bd3 Bxd3 20. Qxd3 Bd6 21. Bxd6 Qxd6 22. b3 Rc8 23. Rac1 Rfd8 24. c4 dxc4 25. Rxc4 Rxc4 26. Qxc4 Qxd4+ {0-1 Kaminski,V (2247)-Solomon,K (2257) Titled Tue 20th Aug Early 2024 (5)}) 12... Rd8 13. Rfe1 Ne4 $146 ({RR} 13... Bd6 14. Bxd6 Rxd6 15. a5 Ne4 16. Bf1 Qc7 17. Qa3 Rc8 18. Nxe4 Bxe4 19. Nd2 Bg6 20. Nb3 b6 21. axb6 axb6 22. Bb5 Bc2 23. Bxc6 Bxb3 24. Bb5 Bc4 25. Ba4 Ra8 26. Qb4 Bd3 27. Red1 Bg6 28. Bb5 {½-½ Gomez Ledo,R (2469)-Pereira Figueroa,M (2111) Seville op 47th 2022 (6)}) 14. Nxe4 Bxe4 15. Ne5 Bd6 16. Nxc6 bxc6 17. Bxd6 Rxd6 18. Qa3 Qc7 19. a5 Re8 20. f3 Bf5 21. f4 Be4 22. b4 Rb8 23. Qc1 Rd7 24. Qe3 f5 25. Rf1 g5 26. g3 Rg7 27. Kh2 Kh8 28. Rf2 Rbg8 29. Rg1 Qe7 30. Rff1 Rh7 31. Rf2 Qf6 32. Rff1 Qg6 33. Bd3 Rf7 34. Be2 Rgg7 35. Qd2 Kg8 36. Qd1 Qf6 37. Qa4 Rc7 38. Qd1 Rh7 39. Qd2 Rcg7 40. a6 Kh8 41. Qe3 Rg8 1/2-1/2

[Event "Olympiad Women 2024"]
[Site "Budapest HUN"]
[Date "2024.09.16"]
[Round "6.31"]
[Board "3"]
[White "Tolibova, Dilola"]
[Black "Puuska, Heini"]
[Result "1/2-1/2"]
[WhiteElo "1831"]
[BlackElo "1930"]
[PlyCount "80"]
[EventDate "2024.09.11"]
[WhiteTeam "Tajikistan"]
[BlackTeam "Finland"]
[WhiteTeamCountry "TJK"]
[BlackTeamCountry "FIN"]

1. e4 c5 2. Nf3 Nc6 3. d4 cxd4 4. Nxd4 g6 5. Nc3 Bg7 6. Nb3 Nf6 7. Bd3 ({RR} 7. g4 d6 8. g5 Nd7 9. Be3 b6 10. f4 Bb7 11. Bg2 Nc5 12. Qd2 Rc8 13. O-O-O O-O 14. h4 Nb4 15. Kb1 Nxe4 16. Bxe4 Bxe4 17. Nxe4 Rxc2 18. Qxc2 Nxc2 19. Kxc2 Qc8+ 20. Nc3 Qf5+ 21. Rd3 Rc8 {0-1 Rodriguez Vila,A (2559)-Perelshteyn,E (2531) Mexico City Icaro op 2007 (5)}) 7... d5 ({RR} 7... O-O 8. O-O d5 9. exd5 Nxd5 10. Nxd5 Qxd5 11. Qe2 a5 12. c3 a4 13. Nd2 a3 14. Bc4 Qf5 15. Nb3 axb2 16. Bxb2 Ne5 17. Nd4 Qf4 18. Bb3 Ng4 19. g3 Qh6 20. f3 Ne5 21. Rad1 b6 22. a4 {½-½ Principe,A (2295)-Sattarov,B (2366) Titled Tue 23rd May Early 2023 (1)}) 8. f3 $146 ({RR} 8. exd5 Nxd5 9. Nxd5 Qxd5 10. O-O O-O 11. Re1 Be6 12. Be4 Qxd1 13. Rxd1 Rad8 14. Bd3 Nb4 15. Nc5 Bc8 16. a3 Nc6 17. Nb3 b6 18. Rb1 Ba6 19. Bf4 Bxd3 20. cxd3 Nd4 21. Nxd4 Rxd4 22. Be3 Rd7 {0-1 Sanchez Acosta,R-Septien Lopez,V (1996) Baston Blanco op 2001 (2)}) ({RR} 8. exd5 Nxd5 9. Nxd5 Qxd5 10. O-O Nb4 11. Be2 Be6 12. c3 Nxa2 13. Qxd5 Bxd5 14. Bb5+ Kf8 15. Nc5 Nxc1 16. Rfxc1 e6 17. Nd7+ Ke7 18. Re1 Rhc8 19. Ne5 Bxe5 20. Rxe5 a6 21. Be2 Rc7 22. Re3 Bc4 {0-1 Bokan,J (2056)-Gaponenko,I (2448) SCG-chT (Women) 2004 (5.2)}) ({RR} 8. O-O d4 9. Ne2 e5 10. Bg5 O-O 11. Qd2 Re8 12. Bh6 Bh8 13. c3 Be6 14. Nc5 Bg4 15. h3 Bxe2 16. Bxe2 b6 17. Nb3 Nxe4 18. Qd3 Nc5 19. Nxc5 bxc5 20. Bf3 Rc8 21. cxd4 cxd4 22. Rac1 Nb4 {0-1 Mokgacha,K-Arouche,F (2088) Africa-chT rap rapid 2003 (3)}) 8... dxe4 9. Nxe4 Nxe4 10. fxe4 O-O 11. c3 Ne5 12. Be2 Qxd1+ 13. Kxd1 Rd8+ 14. Kc2 f5 15. Bf3 Nxf3 16. gxf3 b6 17. Bg5 Kf7 18. Rae1 h6 19. Bd2 e5 20. a4 a5 21. Be3 Rb8 22. c4 Be6 23. Nd2 Bf8 24. b3 f4 25. Bf2 Rd6 26. Nb1 Rbd8 27. Rd1 Be7 28. Rxd6 Rxd6 29. Rd1 Rxd1 30. Kxd1 Bc5 31. Bxc5 bxc5 32. Nc3 g5 33. Ke2 g4 34. Kf2 h5 35. Nb5 Ke7 36. Nc7 gxf3 37. h4 Bf7 38. Nd5+ Kd6 39. Nc3 Be6 40. Nb1 Bg4 1/2-1/2

[Event "Olympiad Women 2024"]
[Site "Budapest HUN"]
[Date "2024.09.16"]
[Round "6.32"]
[Board "4"]
[White "Allam, Yara"]
[Black "Gunawardhana, Devindya Oshini"]
[Result "0-1"]
[WhiteElo "1920"]
[BlackElo "1956"]
[PlyCount "54"]
[EventDate "2024.09.11"]
[WhiteTeam "Egypt"]
[BlackTeam "Sri Lanka"]
[WhiteTeamCountry "EGY"]
[BlackTeamCountry "SRI"]

1. e4 e5 2. Nf3 Nc6 3. Bc4 Nf6 4. d3 Bc5 5. c3 d6 6. Nbd2 a6 7. Bb3 h6 8. h3 Ba7 9. Nf1 O-O 10. Ng3 ({RR} 10. g4 d5 11. Qe2 dxe4 12. dxe4 Be6 13. Ng3 Nh7 14. Nf5 Qf6 15. Rg1 Bxf5 16. gxf5 Kh8 17. Be3 Rad8 18. Rd1 Rxd1+ 19. Kxd1 Bxe3 20. Qxe3 Rd8+ 21. Kc1 Nf8 22. h4 Nd7 23. Ng5 Rf8 24. Kb1 Na5 {1-0 Gunnarsson,J (2448)-Morkunas,G (2095) Titled Tue 30th Jul Early 2024 (6)}) 10... Be6 11. Bxe6 $146 ({RR} 11. Qe2 Na5 12. Bc2 b5 13. Nh4 d5 14. Ngf5 c5 15. Qf3 Kh8 16. g4 Nh7 17. Qg3 Nc6 18. Nf3 Bb8 19. Qg2 Rg8 20. Rg1 Qd7 21. Ne3 Ne7 22. h4 Bc7 23. Bd2 Rad8 24. Qh2 d4 25. Nf5 c4 {0-1 Sankova,S (2039)-Gholami Orimi,M (2326) World ol U16 2018 (3.8)}) ({RR} 11. O-O d5 12. Qe2 Re8 13. Rd1 Qd7 14. Nh4 Rad8 15. Qf3 Nh7 16. Nhf5 Ne7 17. Nxg7 Kxg7 18. Nh5+ Kh8 19. Nf6 Qd6 20. Bxh6 Ng8 21. Nxh7 Kxh7 22. Bg5 f6 23. Qh5+ Kg7 24. d4 fxg5 25. Qxg5+ Kf8 {0-1 Kim,A (2464)-Petrov,N (2585) Wch Blitz Moscow 2019 (16)}) ({RR} 11. O-O d5 12. Qe2 Re8 13. Rd1 Qe7 14. exd5 Bxd5 15. Bc2 Rad8 16. Be3 Bxe3 17. Qxe3 Bxf3 18. Qxf3 Nh7 19. Ne4 Ng5 20. Nxg5 Qxg5 21. Bb3 Qf6 22. Qxf6 gxf6 23. Bc2 Rd6 24. Re1 Red8 25. Rad1 Kf8 {½-½ Abdi,Z (1899)-Latreche,S (1961) ALG-ch U20 Girls 2012 (6)}) 11... fxe6 12. d4 exd4 13. cxd4 d5 14. exd5 Qxd5 15. Ne2 Rad8 16. O-O e5 17. Qc2 exd4 18. Nf4 Qf7 19. Nd3 Nd5 20. a3 Qg6 21. Qd1 Ne3 22. Bxe3 dxe3 23. Qb3+ Kh7 24. Nde5 Nxe5 25. Nxe5 exf2+ 26. Kh1 Qe4 27. Ng4 Rd3 0-1

[Event "Olympiad Women 2024"]
[Site "Budapest HUN"]
[Date "2024.09.16"]
[Round "6.33"]
[Board "2"]
[White "Brown, Raehanna"]
[Black "Steil-Antoni, Fiona"]
[Result "1/2-1/2"]
[WhiteElo "1910"]
[BlackElo "2085"]
[PlyCount "66"]
[EventDate "2024.09.11"]
[WhiteTeam "Jamaica"]
[BlackTeam "Luxembourg"]
[WhiteTeamCountry "JAM"]
[BlackTeamCountry "LUX"]

1. c4 e5 2. Nc3 Nc6 3. g3 f5 4. Bg2 Nf6 5. d3 Bb4 6. e3 Bxc3+ 7. bxc3 O-O 8. Ne2 d6 9. O-O Qe8 10. f4 ({RR} 10. a4 Bd7 11. a5 Rb8 12. h3 b6 13. axb6 axb6 14. f4 Na5 15. Kh2 e4 16. Nd4 c5 17. Nb5 Qe6 18. Nc7 Qe7 19. Nd5 Nxd5 20. cxd5 exd3 21. Qxd3 Rbe8 22. c4 Qd8 23. Bd2 Rf7 24. Rfe1 Rfe7 {0-1 Zontakh,A (2531)-Najer,E (2608) RUS-UKR m g/3 blitz 2003 (3)}) ({RR} 10. Ba3 b6 11. Rb1 Rb8 12. d4 Ba6 13. Qa4 Na5 14. Qxe8 Rfxe8 15. Rfe1 Nxc4 16. Bc1 c5 17. Rd1 Red8 18. Kf1 Kf8 19. Ke1 Ke7 20. f4 Ng4 21. Rd3 e4 22. Rd1 Ngxe3 23. Bh3 Nxd1 24. Kxd1 g6 {0-1 Lantini,M (1980)-Lenoir Ibacache,G (2228) Titled Tue 30th Apr Late 2024 (9)}) 10... e4 ({RR} 10... Kh8 11. Qd2 Rb8 12. Rb1 Bd7 13. Ba3 Qh5 14. c5 d5 15. fxe5 Ng4 16. h3 Ngxe5 17. Nf4 Qg5 18. Kh2 Qh6 19. Nxd5 Rfe8 20. Kg1 Qg5 21. Kh2 Qh6 22. Rbe1 Rbc8 23. Nf4 Rcd8 24. Bc1 Bc8 25. d4 {0-1 Brown,R (1710)-Bueno,A (2135) Titled Tue 27th Jun Late 2023 (4)}) 11. Nd4 exd3 $146 ({RR} 11... b6 12. Nb5 Qf7 13. Qa4 Na5 14. Ba3 a6 15. Nd4 Bd7 16. Qd1 Rae8 17. Bb4 exd3 18. Bxa5 Qxc4 19. Bb4 c5 20. Ba3 cxd4 21. exd4 Qxc3 22. Qb3+ Qxb3 23. axb3 Ne4 24. Rfd1 Bb5 25. Bf1 Rc8 26. Bxd3 {0-1 Goodall,M-Schuyler,J (2315) US Open-96 Concord 1995 (2)}) ({RR} 11... Na5 12. Nb3 Nc6 13. d4 Qf7 14. Qe2 a5 15. a4 b6 16. d5 Ne7 17. Ba3 Ba6 18. Nd4 Nfxd5 19. Nb5 Bxb5 20. cxb5 Nxc3 21. Qc2 Ncd5 22. Rfe1 Rac8 23. Bf1 Qh5 24. Bc4 Kh8 25. Qd2 Nf6 26. Bb2 {0-1 Almazedi,F (1836)-Both,A (1983) Harrogate 4NCL op-B 21st 2019 (5)}) ({RR} 11... Bd7 12. Nxc6 Bxc6 13. d4 Ba4 14. Qe2 c5 15. Ba3 b6 16. h3 h5 17. Kf2 Rc8 18. Rg1 Qf7 19. Bf1 Rfd8 20. Rc1 d5 21. dxc5 bxc5 22. cxd5 c4 23. d6 Ne8 24. Qd2 Nxd6 25. Bxd6 Rc6 26. Qd4 {0-1 Wagner,S (2208)-Kropik,M (2129) AUT-ch Zwettl 2012 (3)}) 12. Qxd3 Ne4 13. Ba3 Kh8 14. g4 g6 15. Rab1 b6 16. Rb2 a6 17. Bf3 Bd7 18. Rg2 Qe7 19. gxf5 gxf5 20. c5 dxc5 21. Nxc6 Bxc6 22. c4 Rad8 23. Qb3 h6 24. Bb2+ Kh7 25. Rg7+ Qxg7+ 26. Bxg7 Rg8 27. Rd1 Rxg7+ 28. Kf1 Rxd1+ 29. Qxd1 Rd7 30. Qc2 Nd2+ 31. Kf2 Nxf3 32. Qxf5+ Kg7 33. Qe6 Rd2+ 1/2-1/2

[Event "Olympiad Women 2024"]
[Site "Budapest HUN"]
[Date "2024.09.16"]
[Round "6.33"]
[Board "3"]
[White "Bakalarz, Grazyna"]
[Black "Watson, Gabriella"]
[Result "1/2-1/2"]
[WhiteElo "1928"]
[BlackElo "1826"]
[PlyCount "85"]
[EventDate "2024.09.11"]
[WhiteTeam "Luxembourg"]
[BlackTeam "Jamaica"]
[WhiteTeamCountry "LUX"]
[BlackTeamCountry "JAM"]

1. d4 d5 2. c4 c6 3. cxd5 cxd5 4. Nf3 Nf6 5. Nc3 Nc6 6. Bf4 a6 7. Rc1 e6 8. e3 Be7 9. Bd3 Bd7 10. Ne5 Rc8 11. O-O O-O 12. Qf3 Na5 $146 ({RR} 12... b5 13. Qh3 g6 14. Bh6 Re8 15. f4 Bf8 16. Bg5 Be7 17. Rf3 Nxe5 18. fxe5 Ne4 19. Bxe4 dxe4 20. Rxf7 h5 21. Rxe7 b4 22. Rg7+ Kxg7 23. Bxd8 bxc3 24. Bf6+ {1-0 Poljakov,D-Milic,B YUG-ch01 Final 1945 (6)}) ({RR} 12... b5 13. Bg5 Nxe5 14. dxe5 Ne8 15. Bf4 Bc6 16. Ne2 g6 17. Nd4 Bb7 18. Qe2 Ng7 19. Rxc8 Qxc8 20. Qd2 Qd7 21. Bh6 Rc8 22. Bxg7 Kxg7 23. Rc1 Rc7 24. Kf1 Qc8 {½-½ Roemling,S-Diekers,M (2085) Oberliga Ost-B 9596 1995}) ({RR} 12... Nxe5 13. dxe5 Ne8 14. Rc2 g6 15. Rfc1 Ng7 16. Qd1 Qa5 17. e4 d4 18. Ne2 Rxc2 19. Rxc2 Nh5 20. Bh6 Rd8 21. Nxd4 Ba4 22. b3 Rxd4 23. Rc8+ Rd8 24. Rxd8+ Qxd8 25. bxa4 Bg5 26. Bxg5 {½-½ Bogner,S (2504)-Borovikov,V (2585) Boeblingen op 26th 2009 (5)}) 13. Rc2 b5 14. Qh3 g6 15. Rfc1 Re8 16. Bg5 Nc4 17. f4 Nxe5 18. fxe5 Nh5 19. g4 Ng7 20. Bh6 Bc6 21. Rf1 f6 22. Bxg7 Kxg7 23. Rcf2 Rf8 24. exf6+ Rxf6 25. g5 Rxf2 26. Rxf2 Bxg5 27. Nd1 Qe7 28. Qg4 Be8 29. Rg2 Bf6 30. h3 Rc7 31. Nc3 b4 32. Ne2 a5 33. Nf4 Rc1+ 34. Kf2 Rc6 35. Nxg6 Bxg6 36. Bxg6 Kh8 37. Bd3 Qf7 38. Qf3 Rc1 39. Ke2 Rc8 40. Rf2 Rf8 41. Rg2 Bg7 42. Qg3 Qf6 43. Rf2 1/2-1/2

[Event "Olympiad Women 2024"]
[Site "Budapest HUN"]
[Date "2024.09.16"]
[Round "6.34"]
[Board "2"]
[White "Wagenschuetz, Evelyn"]
[Black "Al Maamari, Wafia Darwish"]
[Result "0-1"]
[WhiteElo "2036"]
[BlackElo "1908"]
[PlyCount "186"]
[EventDate "2024.09.11"]
[WhiteTeam "Ecuador"]
[BlackTeam "United Arab Emirates"]
[WhiteTeamCountry "ECU"]
[BlackTeamCountry "UAE"]

1. e4 e6 2. d4 d5 3. Nc3 Bb4 4. e5 c5 5. Nf3 Nc6 6. a3 Bxc3+ 7. bxc3 Qa5 8. Bd2 Qa4 9. Bd3 c4 10. Be2 Nge7 11. O-O Bd7 12. Nh4 O-O-O 13. f4 Kb8 $146 ({RR} 13... Nf5 14. Nf3 h5 15. Ng5 Rdf8 16. Bxh5 f6 17. Nh3 Nce7 18. Bf3 Rh7 19. exf6 gxf6 20. Nf2 Nh4 21. Bg4 Rg8 22. g3 Nhf5 23. Nh1 Nd6 24. Bf3 f5 25. Rf2 Ne4 26. Rg2 Rhg7 27. Ra2 Qa5 28. Qe1 {0-1 Sieber,F (1868)-Eriksson,M (2060) Vellmar op-A 5th 2013 (3)}) ({RR} 13... Rdf8 14. Bg4 f5 15. exf6 gxf6 16. f5 e5 17. Bh6 Rfg8 18. Bh5 Qa5 19. Bf7 Qxc3 20. Bxg8 Rxg8 21. dxe5 Nxe5 22. Kh1 Bc6 23. Nf3 Nxf3 24. Rxf3 Qe5 25. Bf4 Qxf5 26. Bg3 Qe6 27. Qd4 Nf5 28. Qxa7 {½-½ Kieffer,A (1739)-Ider,B (2379) Le Port Marly Paribas blitz op 2014 (13)}) 14. g4 g6 15. Kh1 Rdf8 16. Ra2 Ka8 17. Bf3 Qb5 18. Bc1 Qa5 19. Bd2 Qa4 20. Qe2 h6 21. Bc1 Rfg8 22. Ng2 Qa5 23. Bd2 Rd8 24. Rb1 Qa4 25. Ne3 Bc8 26. Nd1 Rh7 27. Bc1 Rdh8 28. Rab2 h5 29. g5 Nf5 30. Bg2 Rd8 31. Ra2 Rhh8 32. Nb2 Qa5 33. Bd2 Bd7 34. a4 Nce7 35. Nxc4 Qa6 36. Rab2 Bc6 37. Nb6+ axb6 38. Qe1 Nc8 39. Bf1 Qa7 40. Rb4 Kb8 41. Kg1 Kc7 42. Bd3 Nfe7 43. Qc1 Kd7 44. Qb2 Ke8 45. Kg2 Kf8 46. h4 Kg7 47. Kh3 Qb8 48. Qa3 Qc7 49. Qc1 Qd7 50. Qa3 Qe8 51. a5 bxa5 52. Qxa5 Qd7 53. Bc1 b6 54. Qa2 Bb7 55. Bb5 Qc7 56. Bd2 Nc6 57. Bxc6 Bxc6 58. Qa6 b5 59. R4b3 Nb6 60. Qa5 Ra8 61. Qb4 Nc4 62. Be1 Rhc8 63. Rc1 Ra4 64. Qc5 Be8 65. Qxc7 Rxc7 66. Kg3 Rca7 67. Kf2 Ra1 68. Rbb1 Rxb1 69. Rxb1 Ra2 70. Ke2 Rxc2+ 71. Kd3 Ra2 72. Rb4 Kf8 73. Rb1 Ke7 74. Rb4 Bc6 75. Rb1 Kd7 76. Rb4 Rb2 77. Rxb2 Nxb2+ 78. Kc2 Nc4 79. Bf2 b4 80. cxb4 Ba4+ 81. Kc3 Kc6 82. Bg1 Kb5 83. Bf2 Na3 84. Be1 Nc2 85. Bd2 Nxb4 86. Be3 Nc6 87. Bc1 Bd1 88. Bb2 Ne7 89. Bc1 Nf5 90. Bd2 Nxh4 91. Be3 Ng2 92. Bf2 Nxf4 93. Kd2 Bg4 0-1

[Event "Olympiad Women 2024"]
[Site "Budapest HUN"]
[Date "2024.09.16"]
[Round "6.34"]
[Board "3"]
[White "Anoud Eisa Bashkardi"]
[Black "Miranda Vargas, Analia Karen"]
[Result "1-0"]
[WhiteElo "1811"]
[BlackElo "1891"]
[PlyCount "35"]
[EventDate "2024.09.11"]
[WhiteTeam "United Arab Emirates"]
[BlackTeam "Ecuador"]
[WhiteTeamCountry "UAE"]
[BlackTeamCountry "ECU"]

1. e4 e5 2. Nf3 Nc6 3. Bb5 g6 4. d4 exd4 5. Nxd4 Bg7 6. Be3 Qe7 ({RR} 6... Nf6 7. Nc3 Ng4 8. Qxg4 Nxd4 9. Ba4 O-O 10. O-O-O d6 11. Qg3 c5 12. Bxd4 cxd4 13. Ne2 Qb6 14. Bb3 a5 15. Qd3 a4 16. Bd5 Be6 17. Kb1 Bxd5 18. exd5 Ra5 19. Nxd4 Rc8 20. c3 a3 21. b3 {0-1 Abdusattorov,N (2627)-Tang,A (2538) PNWCC Online blitz JP 12th 2020 (8)}) ({RR} 6... Nf6 7. O-O Nxe4 8. Nxc6 dxc6 9. Qxd8+ Kxd8 10. Bd3 Bxb2 11. Bxe4 Bxa1 12. Nd2 Bg7 13. Nf3 Be6 14. a4 h6 15. Nd4 Bc4 16. Rd1 Ke7 17. Nf3 Rhd8 18. Bc5+ Ke8 19. Re1 Be6 20. a5 Bc3 21. Re3 {0-1 Broca Jimenez,F (2075)-Dounis,A (2250) Titled Tuesday intern op 23rd Aug Early blitz 2022 (1)}) 7. Nc3 Qb4 8. Bxc6 $146 ({RR} 8. a3 Qd6 9. Nd5 Nge7 10. Bc4 Nxd5 11. Nb5 Qe5 12. Bxd5 Kd8 13. g3 Qe7 14. O-O a6 15. Nc3 d6 16. f4 f5 17. e5 Bd7 18. Re1 Kc8 19. e6 Bxe6 20. Bf2 Nd8 21. Qf3 Qd7 22. Rxe6 c6 {1-0 Soumya,S (2143)-Alaguzov,M (2155) World ol U16 04th 2004 (8)}) ({RR} 8. a3 Qd6 9. Nd5 Nxd4 10. Bxd4 Bxd4 11. Qxd4 f6 12. Qb4 Qxb4+ 13. axb4 Kd8 14. Bd3 d6 15. b5 Be6 16. b6 Bxd5 17. Rxa7 Rb8 18. bxc7+ Kxc7 19. exd5 Ne7 20. c4 Rhe8 21. Kd2 Nc8 22. Raa1 Nb6 {1-0 Luckis,M-Suarez,J ARG-ch41 Buenos Aires 1963 (14)}) 8... bxc6 9. Qd2 Ba6 10. O-O-O Nf6 11. Nb3 Bc4 12. Qd4 c5 13. Qe5+ Be6 14. Nd5 Nh5 15. Nxc7+ Kd8 16. Nxe6+ fxe6 17. Rxd7+ Kxd7 18. Rd1+ 1-0

[Event "Olympiad Women 2024"]
[Site "Budapest HUN"]
[Date "2024.09.16"]
[Round "6.34"]
[Board "4"]
[White "Guerrero Caicedo, Arlette"]
[Black "Almaamari, Zainab Darwish"]
[Result "1/2-1/2"]
[WhiteElo "1868"]
[BlackElo "1661"]
[PlyCount "62"]
[EventDate "2024.09.11"]
[WhiteTeam "Ecuador"]
[BlackTeam "United Arab Emirates"]
[WhiteTeamCountry "ECU"]
[BlackTeamCountry "UAE"]

1. d4 Nf6 2. Nf3 e6 3. g3 b5 4. a4 b4 5. Bg2 Bb7 6. O-O Be7 7. c3 c5 ({RR} 7... bxc3 8. bxc3 O-O 9. Ba3 d5 10. e3 Ba6 11. Re1 Nbd7 12. Bxe7 Qxe7 13. Nbd2 c5 14. Qb3 Rab8 15. Qa3 Rfe8 16. Nb3 cxd4 17. cxd4 Qb4 18. Qxb4 Rxb4 19. Nc5 Nxc5 20. dxc5 Rc8 21. Rec1 Bc4 22. Nd2 {0-1 Reinecke,K (1983)-Okike,D (2165) Titled Tue 3rd Sep Late 2024 (10)}) 8. Nbd2 bxc3 9. bxc3 O-O 10. Qc2 $146 ({RR} 10. Ba3 cxd4 11. cxd4 {½-½ Egyed,A (2260)-Restas,P (2195) HUN-chT2 9798 1997}) ({RR} 10. Ba3 cxd4 11. Bxe7 Qxe7 12. cxd4 d5 13. Qb3 Ba6 14. Rfe1 Nc6 15. e3 Rab8 16. Qc2 Rfc8 17. Rec1 Nb4 18. Qb3 Nc6 19. Qc3 Qd8 20. Bf1 Bxf1 21. Kxf1 Na5 22. Qd3 Rxc1+ 23. Rxc1 Qb6 24. Ne5 g6 {0-1 Blanco Gramajo,C (2065)-Okike,D (2177) Titled Tuesday intern op 10th Nov blitz 2020 (8)}) 10... Na6 11. Ba3 Rc8 12. Qd1 cxd4 13. cxd4 Bxa3 14. Rxa3 Nb4 15. Qb1 a5 16. Rc1 Ba6 17. Bf1 Qe7 18. Rac3 Rb8 19. Rb3 Rfc8 20. Qb2 Qe8 21. Rxc8 Rxc8 22. Rc3 Nfd5 23. Rxc8 Qxc8 24. Nb3 Qc3 25. Qxc3 Nxc3 26. e3 Bxf1 27. Kxf1 Nc6 28. Nfd2 Nxa4 29. Nc4 Nc3 30. Nbxa5 Nxa5 31. Nxa5 Kf8 1/2-1/2

[Event "Olympiad Women 2024"]
[Site "Budapest HUN"]
[Date "2024.09.16"]
[Round "6.35"]
[Board "1"]
[White "Maksimovic, Masa"]
[Black "Ampaire, Shakira"]
[Result "1-0"]
[WhiteElo "2093"]
[BlackElo "1839"]
[PlyCount "109"]
[EventDate "2024.09.11"]
[WhiteTeam "Bosnia & Herzegovina"]
[BlackTeam "Uganda"]
[WhiteTeamCountry "BIH"]
[BlackTeamCountry "UGA"]

1. e4 c5 2. Nf3 Nc6 3. d4 cxd4 4. Nxd4 e5 5. Nb5 a6 6. Nd6+ Bxd6 7. Qxd6 Qe7 8. Qd2 Nf6 9. Nc3 ({RR} 9. f3 O-O 10. b3 b5 11. Bb2 Bb7 12. Nc3 Nd4 13. O-O-O Rfc8 14. Bd3 Qc5 15. Rhe1 a5 16. Ne2 Ne6 17. Ng3 Nd4 18. Kb1 a4 19. b4 Qb6 20. Bxd4 exd4 21. Nf5 a3 22. Bf1 Qe6 23. g4 g6 {1-0 Ivanchuk,V (2710)-Li,C (2751) China Elite Mind Basque rapid 2016 (3.14)}) 9... b5 10. f3 $146 ({RR} 10. a3 Bb7 11. b3 O-O 12. Bb2 Nd4 13. f3 Rfd8 14. O-O-O d5 15. exd5 Nxd5 16. Nxd5 Rxd5 17. Bd3 Rc8 18. Kb1 Rcd8 19. Qe3 f6 20. Rhe1 R5d7 21. f4 Nc6 22. fxe5 Nxe5 23. Bxe5 fxe5 24. Qxe5 Qxa3 {1-0 Levitskiy,A (2285)-Guzman Lozano,C (1868) Titled Tue 23rd Jul Early 2024 (5)}) ({RR} 10. Bd3 Bb7 11. O-O O-O 12. Qg5 Nd4 13. Be3 b4 14. Bxd4 exd4 15. Ne2 Bxe4 16. Nxd4 Bxd3 17. cxd3 h6 18. Qxg7+ Kxg7 19. Nf5+ Kh7 20. Nxe7 Rfe8 21. Rae1 b3 22. a3 a5 23. h3 a4 24. Re3 Ra5 {½-½ Mazi,L (2365)-Manhardt,T (2175) AUT-chT2S 9798 1997 (8)}) ({RR} 10. Bd3 Bb7 11. O-O Nb4 12. Re1 Nxd3 13. Qxd3 O-O 14. Bg5 h6 15. Bh4 g5 16. Bg3 Rac8 17. Rad1 b4 18. Nd5 Nxd5 19. exd5 d6 20. f4 gxf4 21. Bxf4 Qf6 22. Bd2 Qg6 23. Qxg6+ fxg6 24. Bxh6 Rf7 {½-½ Nagy,E (2172)-Rabovszky,G (1789) Balaton op 36th 2018 (1)}) 10... Bb7 11. a4 b4 12. Nd5 Nxd5 13. exd5 Nd4 14. Bc4 Qc5 15. b3 Bxd5 16. Bxd5 Qxd5 17. Bb2 Qc5 18. Bxd4 exd4 19. O-O-O Qc3 20. Qxd4 Qxd4 21. Rxd4 a5 22. Re1+ Kd8 23. Re5 Re8 24. Rxe8+ Kxe8 25. Rd5 Ke7 26. Kd2 Ke6 27. Rb5 Ra6 28. Kc1 f5 29. Kb2 g5 30. c3 bxc3+ 31. Kxc3 Rc6+ 32. Kb2 Ra6 33. Ka3 h6 34. b4 axb4+ 35. Kxb4 Rd6 36. a5 Rd2 37. a6 d6 38. a7 Rb2+ 39. Ka5 Rxg2 40. Kb6 Ra2 41. Ra5 Rxh2 42. a8=Q Rb2+ 43. Kc7 Rc2+ 44. Kd8 Rc5 45. Rxc5 dxc5 46. Qc6+ Ke5 47. Qxc5+ Kf4 48. Ke7 g4 49. fxg4 Kxg4 50. Kf6 f4 51. Qf2 f3 52. Ke5 h5 53. Ke4 Kh3 54. Kxf3 h4 55. Qg2# 1-0